000 00751nam a2200253Ia 4500
003 OSt
005 20221005092428.0
006 a|||||r|||| 00| 0
007 ta
008 221004b |||||||| |||| 00| 0 eng d
020 _a9780415572088 (pbk)
_c1585.40
024 _a110147
037 _b631, 02/11/2011, Bright Book Service
_cTextual
040 _aCRL
_cCRL
_beng
041 _2eng
_aeng
082 _aP:33, Q1
100 _aGee James Paul
_967609
245 0 _aHow to do discourse analysis
_b A toolkit
260 _aNew York
_bRoutledge USA
_c2011
300 _axiii,206p.
_ccm.
650 _aLINGUISTICS
942 _hP:33, Q1
_cTEXL
_2cc
999 _c998840
_d998840